Normal view
MARC view
Entry Topical Term
001 - CONTROL NUMBER
- control field: 39672
003 - CONTROL NUMBER IDENTIFIER
- control field: ARRUPE
005 - DATE AND TIME OF LATEST TRANSACTION
- control field: 20180228104756.0
008 - FIXED-LENGTH DATA ELEMENTS
- fixed length control field: 180228|| aca||aabn | a|a d
040 ## - CATALOGING SOURCE
- Original cataloging agency: ARRUPE
- Transcribing agency: ARRUPE
150 ## - HEADING--TOPICAL TERM
- Topical term or geographic name as entry element: Portuguese
- Geographic subdivision: African, Southern
670 ## - SOURCE DATA FOUND
- Source citation: Work cat.: (ARRUPE)84572: Axelson, Eric 39280, South-east Africa, 1488-1530 /, 1940